COMMUNITY BASED AVIAN INFLUENZA RISK REDUCTION PROJECT: (Record no. 22165)
[ view plain ]
| 000 -LEADER | |
|---|---|
| fixed length control field | 00389nam a22001097a 4500 |
| 040 ## - CATALOGING SOURCE | |
| Transcribing agency | RUA |
| 082 ## - DEWEY DECIMAL CLASSIFICATION NUMBER | |
| Classification number | AID JUN 2010 C063 Or. |
| 245 ## - TITLE STATEMENT | |
| Title | COMMUNITY BASED AVIAN INFLUENZA RISK REDUCTION PROJECT: |
| Remainder of title | Training Manual on village,Surveillance system, Bio-security Demonstration Farms, and Monitoring & Evaluation. |
| 260 ## - PUBLICATION, DISTRIBUTION, ETC. (IMPRINT) | |
| Place of publication | phnom penh |
| Name of publisher | rua |
| Year of publication | 2010 |
| 300 ## - PHYSICAL DESCRIPTION | |
| Number of Pages | 38p. |
| Other physical details | ill. |
| Dimensions | 25cm. |
| 942 ## - ADDED ENTRY ELEMENTS (KOHA) | |
| Koha item type | ឯកសារស្រាវជ្រាវ |
| 952 ## - LOCATION AND ITEM INFORMATION (KOHA) | |
| Withdrawn status [LOCAL, KOHA] | 0 |
| Permanent Location | Date acquired | Koha item type | Lost status | Shelving location | Barcode | Current Location | Full call number |
|---|---|---|---|---|---|---|---|
| Library Block C | 2023-11-10 | ឯកសារស្រាវជ្រាវ | C063 | a075144 | Library Block C | AID JUN 2010 C063 Or. |